000 00638nam a2200217Ia 4500
008 160418s9999 xx 000 0 und d
020 _a971-584-517-7
050 _aFIL PN 59
050 _b.R43 2006 c.1
245 _aReadings in world literature /
245 _cedited by Evelyn L. Sebastian, Erlina A. Cayao.
260 _aQuezon City:
260 _bC & E Pub. Inc.,
260 _c2006
300 _a268 pages :
300 _billustrations ;
300 _c22 cm.
500 _aIncludes bibliographical references.
650 _aLiterature -- History and criticism.
650 _xLiterature -- Study and teaching (Higher).
999 _c293549
_d293549